[Event "AUTO-ADV-4471"]
[Site "http://www.queenalice.com/game.php?id=1645648"]
[Date "2021.3.4"]
[Round "1"]
[White "Canaye"]
[Black "malu15"]
[Result "0-1"]
[WhiteElo "1881"]
[BlackElo "1742"]

1. d4 d5 2. c4 c5 3. dxc5 Qa5+ 4. Bd2 Qxc5 5. cxd5 Qxd5 6. Nc3 Qd8 7. e4 e5 8.
Be2 Nf6 9. Nf3 Nc6 10. O-O Be7 11. Bb5 Bd7 12. Re1 O-O 13. a3 a6 14. Bd3 Bg4 15.
h3 Bh5 16. Be2 b5 17. b4 Qc7 18. Nh4 Bxe2 19. Rxe2 Rad8 20. Qc1 Nd4 21. Nf5
Nxe2+ 22. Nxe2 Qxc1+ 23. Rxc1 Rxd2 24. Nxe7+ Kh8 25. Ng3 Re8 26. Nef5 g6 27. Ne3
Red8 28. Ngf1 Nxe4 29. f3 Ng3 30. Nxd2 Rxd2 31. Rd1 Rxd1+ 32. Nxd1 Ne2+ 33. Kf2
Nd4 34. Nb2 Nc2 35. Ke2 Nxa3 36. Kd3 Nc4 37. Nxc4 bxc4+ 38. Kxc4 Kg7 39. Kd5 Kf6
40. g3 h6 41. Ke4 Ke6 42. g4 f5+ 43. gxf5+ gxf5+ 44. Ke3 Kd5 45. Kd3 e4+ 46.
fxe4+ fxe4+ 47. Ke3 h5 48. Kd2 Kc4 49. Ke3 Kxb4 50. Kxe4 a5 51. Kf4 a4 52. Kg5
a3 53. Kxh5 a2 54. Kg6 a1=Q 55. h4 Qa6+ 56. Kg5 Kc4 57. h5 Kd5 58. h6 Ke5 59. h7
Qf6+ 60. Kh5 Kf4 61. h8=Q Qxh8+ 62. Kg6 Qf8 63. Kh7 Qd6 64. Kg7 Kf5 65. Kh7 Qg3
66. Kh8 Kf6 67. Kh7 Qg7# 0-1

[Event "AUTO-ADV-4471"]
[Site "http://www.queenalice.com/game.php?id=1645649"]
[Date "2021.3.4"]
[Round "1"]
[White "malu15"]
[Black "Canaye"]
[Result "0-1"]
[WhiteElo "1737"]
[BlackElo "1883"]

1. e4 e6 2. d4 d5 3. Nc3 dxe4 4. Nxe4 Nd7 5. Bc4 Ngf6 6. Bg5 Be7 7. Bd3 Nxe4 8.
Bxe7 Nxf2 9. Kxf2 Qxe7 10. Nf3 h6 11. Re1 O-O 12. d5 Qc5+ 13. Kf1 Qxd5 14. Qe2
Nf6 15. b3 c5 16. Rad1 Qc6 17. Ne5 Qc7 18. Qf3 Bd7 19. c4 Bc8 20. Bc2 Bd7 21.
Qd3 Rad8 22. Bb1 Bc6 23. Qc2 Rxd1 24. Qxd1 Rd8 25. Qc2 g6 26. Nxg6 fxg6 27.
Qxg6+ Qg7 28. g3 Qxg6 29. Bxg6 Rd6 30. h3 Kg7 31. Bc2 Rd2 32. Bb1 Bg2+ 33. Kg1
Bxh3 34. a4 Rg2+ 35. Kf1 Rxg3+ 36. Kf2 Rxb3 37. Rg1+ Bg4 38. Re1 Kf7 39. Kg2 h5
40. Rf1 Ke7 41. Re1 Rc3 42. a5 Rxc4 43. Bd3 Rd4 44. Bb1 Ra4 45. Kg3 Ra1 46. Kf2
c4 47. Ke3 Nd5+ 48. Kd4 c3 49. Bc2 Rxe1 0-1

[Event "AUTO-ADV-4471"]
[Site "http://www.queenalice.com/game.php?id=1645658"]
[Date "2021.3.4"]
[Round "1"]
[White "malu15"]
[Black "SGF"]
[Result "1-0"]
[WhiteElo "1698"]
[BlackElo "1697"]

1. d4 d5 2. e3 Nf6 3. c4 Bg4 4. Be2 dxc4 5. Bxg4 Nxg4 6. Qxg4 h5 7. Qf3 c6 8.
Nc3 Qa5 9. Bd2 Qb6 10. Qh3 e6 11. Nf3 Be7 12. Rb1 a5 13. Na4 Qb5 14. Nc3 Qf5 15.
Qxf5 exf5 16. O-O f6 17. Nh4 g6 18. Nxg6 Rg8 19. Nxe7 Kxe7 20. Rfe1 b5 21. e4
Ke6 22. d5+ cxd5 23. exd5+ Kd6 24. Re6+ Kd7 25. Rxf6 b4 26. Na4 Ke7 27. Rxf5 h4
28. Re1+ Kd6 29. Re6+ Kd7 30. Nb6+ Kd8 31. Nxa8 Nd7 32. Be3 h3 33. g3 Nf8 34.
Bb6+ Kd7 35. Rf7+ Kc8 36. Re8# 1-0

[Event "AUTO-ADV-4471"]
[Site "http://www.queenalice.com/game.php?id=1645659"]
[Date "2021.3.4"]
[Round "1"]
[White "SGF"]
[Black "malu15"]
[Result "0-1"]
[WhiteElo "1692"]
[BlackElo "1727"]

1. e4 d5 2. Qf3 dxe4 3. Qxe4 Nf6 4. Qd3 Nc6 5. Qxd8+ Nxd8 6. Bc4 e6 7. f3 Bc5 8.
c3 O-O 9. d4 Be7 10. Ne2 Nc6 11. Bf4 Re8 12. g4 Na5 13. b3 Nxc4 14. bxc4 c6 15.
a4 a5 16. c5 Nd5 17. Nd2 Nxf4 18. Nxf4 e5 19. dxe5 Bxc5 20. Nc4 b5 21. axb5 cxb5
22. Nd2 Rxe5+ 23. Ne4 Bb7 24. O-O-O Be3+ 25. Kc2 Bxf4 26. h4 Bxe4+ 27. fxe4 Rxe4
28. Kd3 Rc4 29. Rhe1 Bg3 30. Re4 Rd8+ 31. Rd4 Rcxd4+ 32. cxd4 Bxh4 33. Rb1 b4
34. Rc1 a4 35. Kc4 Rc8+ 36. Kxb4 Rxc1 37. Kxa4 Rc4+ 38. Kb5 Rxd4 39. Kc5 Rxg4
40. Kd6 f5 41. Kd7 f4 42. Ke8 f3 43. Kd7 f2 44. Ke8 f1=Q 45. Kd7 Rd4+ 46. Ke8
Qe1# 0-1

[Event "AUTO-ADV-4495"]
[Site "http://www.queenalice.com/game.php?id=1758831"]
[Date "2021.5.7"]
[Round "1"]
[White "carlitomontana93270"]
[Black "malu15"]
[Result "0-1"]
[WhiteElo "1737"]
[BlackElo "1780"]

1. c4 Nf6 2. d4 e6 3. e3 c6 4. Nf3 d5 5. Be2 Be7 6. O-O O-O 7. Bd2 b6 8. Nc3
Nbd7 9. cxd5 cxd5 10. b3 a6 11. Qc2 Bb7 12. h3 b5 13. Bd3 Rc8 14. Qd1 Bd6 15.
Qc2 Re8 16. e4 Bc7 17. exd5 Bxd5 18. Nxd5 exd5 19. Rfe1 Bh2+ 20. Kxh2 Rxc2 21.
Bxc2 Qc7+ 22. Ne5 Qxc2 23. Nxd7 Rxe1 24. Nxf6+ gxf6 25. Bxe1 a5 26. Bxa5 Qb2 27.
Re1 Qxa2 0-1

[Event "AUTO-ADV-4495"]
[Site "http://www.queenalice.com/game.php?id=1758832"]
[Date "2021.5.7"]
[Round "1"]
[White "malu15"]
[Black "carlitomontana93270"]
[Result "1-0"]
[WhiteElo "1762"]
[BlackElo "1804"]

1. e4 c5 2. Bc4 e6 3. Nf3 d6 4. O-O Nf6 5. d3 Be7 6. c3 O-O 7. d4 cxd4 8. Nxd4
e5 9. Nf3 Bg4 10. Re1 Nc6 11. h3 Bd7 12. Bg5 a6 13. b3 h6 14. Bd2 b5 15. Bd3 d5
16. exd5 Nxd5 17. Qe2 f6 18. Qe4 f5 19. Qxd5+ Kh8 20. Nxe5 Bc8 21. Qxc6 Rf6 22.
Qxa8 Qc7 23. Bf4 Bd6 24. Ng4 fxg4 25. Re8+ Rf8 26. Rxf8+ 1-0

[Event "AUTO-ADV-4495"]
[Site "http://www.queenalice.com/game.php?id=1758845"]
[Date "2021.5.7"]
[Round "1"]
[White "malu15"]
[Black "CERVERO"]
[Result "1-0"]
[WhiteElo "1815"]
[BlackElo "1621"]

1. e4 c5 2. Bc4 d6 3. Qf3 Nf6 4. Nc3 Bg4 5. Qe3 e6 6. Be2 Bxe2 7. Ngxe2 Be7 8.
d4 d5 9. e5 Nfd7 10. O-O Nf8 11. Ng3 Nc6 12. Nce2 c4 13. b3 Ng6 14. bxc4 dxc4
15. Nf4 Qxd4 16. c3 Qxe5 17. Nxg6 hxg6 18. Qd2 Rd8 19. Qb2 Rd7 20. Be3 O-O 21.
Rfe1 Qc7 22. Rad1 Rfd8 23. Rxd7 Rxd7 24. Qc2 Bf6 25. Ne4 Be7 26. Bd4 Nxd4 27.
cxd4 Rxd4 28. Ng3 b5 29. Qc3 Rd3 30. Qc2 a5 31. a3 Bxa3 32. Ra1 b4 33. Rxa3 Rxa3
34. h3 Rc3 35. Qe4 a4 36. Qa8+ Kh7 37. Qxa4 Qb7 38. Qa1 1-0

[Event "AUTO-ADV-4495"]
[Site "http://www.queenalice.com/game.php?id=1758846"]
[Date "2021.5.7"]
[Round "1"]
[White "CERVERO"]
[Black "malu15"]
[Result "0-1"]
[WhiteElo "1630"]
[BlackElo "1806"]

1. d4 e6 2. c4 Nf6 3. Bg5 Be7 4. Nc3 O-O 5. Nf3 h6 6. Bh4 d5 7. Bg3 c6 8. e3
Nbd7 9. Bd3 Bb4 10. O-O b6 11. a3 Be7 12. b4 Bb7 13. c5 bxc5 14. bxc5 Ne4 15.
Bxe4 dxe4 16. Nxe4 Bf6 17. Nd6 Rb8 18. Rb1 Ba6 19. Re1 Rxb1 20. Qxb1 Bb5 21.
Nxb5 cxb5 22. Qxb5 Re8 23. Rb1 Be7 24. Qb7 Nf6 25. Qxa7 Nd7 26. Rb7 Nf6 27. Rb8
Qd5 28. Rxe8+ Nxe8 29. h4 Bf6 30. Qb8 Kf8 31. Bd6+ Be7 32. Bxe7+ Kxe7 33. Ne5 f6
34. Qa7+ Kd8 35. c6 fxe5 36. Qb8+ Ke7 37. c7 Nxc7 0-1

[Event "AUTO-ADV-4495"]
[Site "http://www.queenalice.com/game.php?id=1758847"]
[Date "2021.5.7"]
[Round "1"]
[White "malu15"]
[Black "BeatifulDevil56"]
[Result "0-1"]
[WhiteElo "1744"]
[BlackElo "1987"]

1. d4 d5 2. e3 Bf5 3. Nc3 e6 4. Nf3 Bg4 5. Be2 Bb4 6. Bd2 c5 7. a3 Bxc3 8. Bxc3
c4 9. h3 Bxf3 10. Bxf3 Nf6 11. b3 cxb3 12. cxb3 O-O 13. O-O Nbd7 14. Be2 Qb6 15.
Rb1 Rac8 16. Ba1 Ne4 17. Bd3 Nc3 18. Bxc3 Rxc3 19. b4 Rxa3 20. h4 Rc3 21. Qd2
Rc7 22. b5 Qd6 23. Bc2 b6 24. Qd3 g6 25. h5 f5 26. g3 Nf6 27. Kg2 Nxh5 28. Rh1
e5 29. dxe5 Qxe5 30. Rxh5 gxh5 31. Rh1 Qe4+ 32. Qxe4 fxe4 33. Bd1 Rc5 34. Rxh5
Rxb5 35. Ba4 Rb2 36. Rxd5 Rbxf2+ 37. Kh3 R2f3 38. Rg5+ Kh8 39. Bc6 Rxe3 40. Kg4
Re1 41. Re5 e3 42. Bf3 a5 43. Be4 Ref1 44. Rh5 Rg8+ 45. Kh3 Rg7 46. Rf5 Rxf5 47.
Bxf5 e2 0-1

[Event "AUTO-ADV-4495"]
[Site "http://www.queenalice.com/game.php?id=1758848"]
[Date "2021.5.7"]
[Round "1"]
[White "BeatifulDevil56"]
[Black "malu15"]
[Result "1-0"]
[WhiteElo "1993"]
[BlackElo "1738"]

1. g3 Nc6 2. e4 e5 3. c3 Bc5 4. c4 Qf6 5. Qf3 Nd4 6. Qxf6 Nxf6 7. Bd3 Ng4 8. h3
Nf6 9. a3 O-O 10. b4 Nb3 11. Bb2 Bd4 12. Ra2 Bxb2 13. Rxb2 Nd4 14. f3 d6 15. Ne2
Nxf3+ 16. Kf2 Ng5 17. g4 c6 18. Ng3 b6 19. Nc3 b5 20. cxb5 cxb5 21. Nxb5 Rd8 22.
Bc2 d5 23. Nc7 Rb8 24. Nxd5 Nxd5 25. exd5 Rxd5 26. d3 Bb7 27. Rh2 Ne6 28. Nf5
Rd7 29. Kg3 Bc6 30. Bb3 Rxd3+ 31. Kh4 Re8 32. Bxe6 Rxe6 33. Rbd2 e4 34. Rxd3
exd3 35. Nd4 Rh6+ 36. Kg3 Bb7 37. Nb5 a6 38. Nd4 Rd6 39. Nb3 Bc6 40. Rd2 Bb5 41.
Nc5 g6 42. Kf3 Kg7 43. Ke3 f5 44. gxf5 gxf5 45. Nxd3 Bxd3 46. Rxd3 f4+ 47. Ke4
1-0

[Event "AUTO-ADV-4471"]
[Site "http://www.queenalice.com/game.php?id=1762658"]
[Date "2021.6.20"]
[Round "2"]
[White "Rafale2000"]
[Black "malu15"]
[Result "1-0"]
[WhiteElo "2042"]
[BlackElo "1770"]

1. e4 e5 2. Nf3 d6 3. d4 Nf6 4. dxe5 Nxe4 5. Qd5 Nc5 6. exd6 Bxd6 7. Ng5 O-O 8.
Bc4 Ne6 9. Ne4 Nc6 10. Nxd6 cxd6 11. O-O Ne7 12. Qh5 d5 13. Bd3 Ng6 14. Nc3 a6
15. Nxd5 Qd6 16. Be3 Nc7 17. Nxc7 Qxc7 18. Rfe1 Re8 19. Bb6 Rxe1+ 20. Rxe1 Qd7
21. Bf5 Qc6 22. Bxg6 hxg6 23. Qc5 Be6 24. b3 Rc8 25. Re5 Qd7 26. Qe3 Qd1+ 27.
Qe1 Qxc2 28. h3 Qxa2 29. Rxe6 Qxb3 30. Re8+ Rxe8 31. Qxe8+ Kh7 32. Qd8 Qb1+ 33.
Kh2 Qe1 34. Qc7 f5 35. Qxb7 Qe5+ 36. g3 a5 37. Qa7 f4 38. Qxa5 fxg3+ 39. fxg3
Qe2+ 40. Kg1 Qd1+ 41. Kf2 1-0

[Event "AUTO-ADV-4471"]
[Site "http://www.queenalice.com/game.php?id=1762659"]
[Date "2021.6.20"]
[Round "2"]
[White "malu15"]
[Black "Rafale2000"]
[Result "0-1"]
[WhiteElo "1765"]
[BlackElo "2047"]

1. e4 Nf6 2. d3 c5 3. Nc3 d6 4. Nf3 Nc6 5. Bd2 Bg4 6. Be2 a6 7. h3 Bd7 8. O-O g6
9. a3 Bg7 10. b3 O-O 11. Rb1 b5 12. Ng5 Nd4 13. Be3 Nxe2+ 14. Nxe2 Qc7 15. c3 d5
16. Rc1 h6 17. Nf3 Rfd8 18. e5 Ne8 19. d4 c4 20. bxc4 Qxc4 21. Qd2 Kh7 22. Rb1
Bf5 23. Rb4 Qd3 24. Ng3 Be4 25. Nxe4 dxe4 26. Nh4 Qxd2 27. Bxd2 Bxe5 28. dxe5
Rxd2 29. Rxe4 Rc2 30. Re3 Rc8 31. Nf3 R2xc3 32. Rfe1 Ng7 33. Nd4 R8c4 34. Nf3
Nf5 35. e6 Nxe3 36. fxe3 f6 37. Kh2 Re4 38. Nd4 Rexe3 39. Rxe3 Rxe3 40. Nc6 Rxe6
41. Nd4 Re3 42. Nc6 Rxa3 43. Nxe7 b4 0-1

[Event "AUTO-ADV-4471"]
[Site "http://www.queenalice.com/game.php?id=1762662"]
[Date "2021.6.20"]
[Round "2"]
[White "malu15"]
[Black "fabricioprado"]
[Result "0-1"]
[WhiteElo "1760"]
[BlackElo "1760"]

1. e4 c5 2. Bc4 e6 3. Nf3 Be7 4. O-O Nf6 5. c3 O-O 6. Re1 b6 7. d4 d6 8. Bd3 Bb7
9. Nbd2 cxd4 10. cxd4 Nbd7 11. b3 Rc8 12. Bb2 h6 13. Nc4 d5 14. exd5 Nxd5 15.
Bc2 N7f6 16. Nfe5 Nb4 17. Bb1 Bd5 18. a3 Nc6 19. Qd3 g6 20. Qe3 Kg7 21. Nxc6
Rxc6 22. Bc1 Rh8 23. Bb2 Qc7 24. Bd3 Bxc4 25. bxc4 Kh7 26. Bc1 Kg7 27. Bb2 Bd6
28. d5 Rc5 0-1

[Event "AUTO-ADV-4471"]
[Site "http://www.queenalice.com/game.php?id=1762663"]
[Date "2021.6.20"]
[Round "2"]
[White "fabricioprado"]
[Black "malu15"]
[Result "1-0"]
[WhiteElo "1723"]
[BlackElo "1823"]

1. e4 e5 2. Nf3 Nf6 3. Nxe5 Nxe4 4. d4 Qh4 5. Be3 d6 6. Nf3 Qd8 7. Bd3 d5 8. O-O
Bg4 9. h3 Bh5 10. Be2 Bd6 11. Nc3 O-O 12. Nxe4 Re8 13. Nxd6 Qxd6 14. c3 Nc6 15.
Nd2 Bxe2 16. Qxe2 Rad8 17. Qf3 Re6 18. a3 Rf6 19. Qg4 Rg6 20. Qf3 Re8 21. Rfe1
h6 22. Bf4 Rxe1+ 23. Rxe1 Qd7 24. b4 Rf6 25. Qg3 Ne7 26. Be5 Rg6 27. Qf3 f6 28.
Bg3 c6 29. Nb3 Nf5 30. Nc5 Qc8 31. Nxb7 Rg5 32. Nc5 a6 33. Ne6 Nxg3 34. Nxg5 Ne4
35. Nxe4 dxe4 36. Qxe4 Qb7 37. Qe8+ Kh7 38. Qe4+ Kg8 39. Qg6 1-0

[Event "AUTO-OPEN-4293"]
[Site "http://www.queenalice.com/game.php?id=1764779"]
[Date "2021.7.20"]
[Round "1"]
[White "clovis"]
[Black "malu15"]
[Result "1-0"]
[WhiteElo "1946"]
[BlackElo "1789"]

1. e4 e5 2. Nf3 d6 3. Bc4 Nf6 4. Ng5 d5 5. exd5 Nxd5 6. Nxf7 Kxf7 7. Qf3+ Ke6 8.
Nc3 c6 9. d4 Bb4 10. O-O Rf8 11. Qe4 Rf5 12. Bd2 Bxc3 13. bxc3 Nd7 14. f4 b5 15.
fxe5 g6 16. Bb3 Bb7 17. g4 Qh4 18. gxf5+ 1-0

[Event "AUTO-OPEN-4293"]
[Site "http://www.queenalice.com/game.php?id=1764780"]
[Date "2021.7.20"]
[Round "1"]
[White "malu15"]
[Black "clovis"]
[Result "0-1"]
[WhiteElo "1779"]
[BlackElo "1956"]

1. d4 d5 2. c4 e5 3. cxd5 Qxd5 4. Nc3 Qxd4 5. e3 Qxd1+ 6. Nxd1 Nf6 7. Nf3 Bb4+
8. Bd2 Nc6 9. Nc3 e4 10. Nd4 Nxd4 11. exd4 O-O 12. Bc4 Re8 13. O-O Be6 14. Bxe6
Rxe6 15. a3 Ba5 16. b4 Bb6 17. Be3 Rd8 18. Rad1 c6 0-1

[Event "AUTO-OPEN-4293"]
[Site "http://www.queenalice.com/game.php?id=1764799"]
[Date "2021.7.20"]
[Round "1"]
[White "fabricioprado"]
[Black "malu15"]
[Result "1-0"]
[WhiteElo "1736"]
[BlackElo "1732"]

1. e4 d5 2. exd5 Qxd5 3. Nc3 Qd8 4. d4 Nf6 5. Nf3 Bg4 6. Be2 e6 7. O-O Nc6 8.
Be3 Be7 9. a3 O-O 10. h3 Bh5 11. Nd2 Bxe2 12. Qxe2 Nxd4 13. Bxd4 1-0

[Event "AUTO-OPEN-4293"]
[Site "http://www.queenalice.com/game.php?id=1764800"]
[Date "2021.7.20"]
[Round "1"]
[White "malu15"]
[Black "fabricioprado"]
[Result "0-1"]
[WhiteElo "1716"]
[BlackElo "1752"]

1. e4 e5 2. Nf3 Nc6 3. d4 exd4 4. Nxd4 d6 5. Bb5 Bd7 6. Nxc6 Bxc6 7. Bxc6+ bxc6
8. Nc3 Nf6 9. Bg5 Be7 10. O-O O-O 11. Re1 h6 12. Bd2 c5 0-1

[Event "AUTO-OPEN-4293"]
[Site "http://www.queenalice.com/game.php?id=1764809"]
[Date "2021.7.20"]
[Round "1"]
[White "andrevillares"]
[Black "malu15"]
[Result "1-0"]
[WhiteElo "2032"]
[BlackElo "1796"]

1. d4 Nf6 2. c4 c6 3. Nc3 e6 4. e4 Bb4 5. Bd3 d6 6. Nf3 O-O 7. O-O Nbd7 8. Ne2
e5 9. a3 Ba5 10. b4 Bc7 11. Bb2 b6 12. Qa4 a6 13. Rfd1 b5 14. Qc2 Bb7 15. Rac1
Re8 16. cxb5 axb5 17. Bxb5 Nxe4 18. Bd3 c5 19. Bxe4 Bxe4 20. Qxe4 Nf6 21. Qf5
exd4 22. Nf4 1-0

[Event "AUTO-OPEN-4293"]
[Site "http://www.queenalice.com/game.php?id=1764810"]
[Date "2021.7.20"]
[Round "1"]
[White "malu15"]
[Black "andrevillares"]
[Result "0-1"]
[WhiteElo "1803"]
[BlackElo "2025"]

1. e4 Nf6 2. d3 e5 3. Bg5 Nc6 4. Nc3 Be7 5. Nf3 O-O 6. Be2 d6 7. O-O Be6 8. Nd5
Nxd5 9. exd5 Bxd5 10. Bxe7 Qxe7 11. c4 Be6 12. b3 f5 13. d4 exd4 14. Nxd4 Nxd4
15. Qxd4 Rf6 16. Rad1 Bf7 17. Bf3 c6 18. Rfe1 Qd7 19. c5 d5 20. Qf4 Re8 21.
Rxe8+ Qxe8 22. h3 Bg6 0-1